| 000 | 00700cam a22002173a 4500 | ||
|---|---|---|---|
| 001 | 35725 | ||
| 003 | PGUSA | ||
| 005 | 20140828083752.0 | ||
| 008 | 110330s2011||||xxu|||||s|||||000 | eng d | ||
| 040 |
_aPGUSA _beng |
||
| 042 | _adc | ||
| 100 | 1 |
_aWhitman, Walt, _d1819-1892 |
|
| 245 | 1 | 4 |
_aThe Wound Dresser : _bA Series of Letters Written from the Hospitals in Washington during the War of the Rebellion _h[electronic resource] / _cWalt Whitman |
| 260 |
_bProject Gutenberg, _c2011 |
||
| 506 | _aPublic domain in the USA. | ||
| 516 | _aElectronic text | ||
| 700 | 1 | _aBucke, Richard Maurice | |
| 830 | 0 |
_aProject Gutenberg _v35725 |
|
| 856 | 4 | 0 | _uhttp://www.gutenberg.org/ebooks/35725 |
| 942 | _cEB | ||
| 999 |
_c264980 _d264980 |
||